L'année 2020 en sport - Statistiques

Statistiques générales
  • Ce quiz a été pris 368 fois
  • Le résultat moyen est 10 sur 15
Statistiques - réponses
Hint Réponse % Correct
Club vainqueur d'une cinquième Ligue des champions féminine consécutive Olympique Lyonnais
96%
Unique buteur de la finale de la ligue des champions de football masculin 2019-2020 opposant le PSG au Bayern Munich Kingsley Coman
88%
Âge de Kobe Bryant à sa mort, survenue le 26 janvier 41 ans
87%
Nationalité d'Armand Duplantis, faisant un saut record de 6,17m puis 6,18m à la perche Suédoise
85%
Franchise NBA remportant les finales face au Heat de Miami, sous la houlette de Lebron James qui remporte alors son 4ème titre Los Angeles Lakers
83%
Cycliste slovène remportant le tour de France à seulement 21 ans Tadej Pogacar
82%
Cycliste français devenant champion du monde sur route Julian Alaphilippe
81%
Prénom du fils d'Emile Ntamack, meilleur réalisateur et vainqueur du tournoi des 6 nations Romain
74%
Nom du circuit accueillant le grand prix d'Italie, ayant vu la première victoire de Pierre Gasly en formule 1 Monza
69%
Mouvement politique né en 2013 aux États-Unis au sein de la communauté afro-américaine et relayé par certains sportifs très influants comme Lewis Hamilton ou Naomi Osaka Black Lives Matter
64%
Nation remportant le championnat d'Europe de handball masculin Espagne
61%
Rugbyman français, ancien international, trouvant la mort le 24 novembre Christophe Dominici
50%
Grand Prix durant lequel Romain Grosjean survit à un accident dans lequel il fut coincé un temps dans sa monoplace en flamme Bahrein
49%
Club espagnol dans lequel Diego Maradona, dont le décès intervient le 25 novembre, a joué lors de la saison 1992-1993 FC Séville
39%
Etat des Etats-Unis dans lequel se trouve Kansas City, remportant le Super Bowl Missouri
21%
Aucun quiz correspondant
Distribution des résultats
% des personnes avec chaque résultat
Percentile par nombre de réponses
Votre historique - résultats
Vous n’avez pas pris ce quiz